00535nam a22001697a 45000010005000000030009000050050017000140080041000310400038000720820023001102450087001332600039002203000022002595050012002816500044002937000028003378995BD-DhUAP20210113143032.0210113s1998 bg mx p w 0 a0eng d aBD-DhAALcBD-DhAALbEngdBD-DhUAP00a348.549204 DHA22300aThe Dhaka Law Reports :ba monthly law journal /cedited by Obaidul Huq Chowdhury. aDhaka :bDhaka law reports,c1998. avolumes ;c26 cm. aV. 50-- aLaw reports, digests, etc.zBangladesh. aChowdhury, Obaidul Huq.